100 Cities by Letter - Z - Statistics

General Stats
  • This quiz has been taken 29 times
    26 since last reset
  • The average score is 16 of 100
Answer Stats
Hint Answer % Correct
Capital of the Aragón region Zaragoza
95%
Most populous city in Switzerland Zurich
95%
European capital in former Yugoslavia Zagreb
84%
5th largest city in Croatia Zadar
58%
Largest city in the province of Henan Zhengzhou
58%
Big city by the Dnieper river Zaporizhzhia
47%
Home of 2014 Dutch football cup champions PEC Zwolle
47%
Capital of homonymous mexican state Zacatecas
42%
Capital of semi-autonomous region in Tanzania Zanzibar City
42%
City in Kanto, named like the famous japanese food, but changing the first letter Zushi
42%
4th largest city in Saxony Zwickau
42%
Where polish top football team Gornik plays in Zabrze
37%
Spanish city with the most Romanesque churches in all of Europe Zamora
37%
Notable tourist city in the Shandong province Zibo
37%
Most populous municipality in the state of Jalisco Zapopan
32%
Home to Nigeria's largest university Zaria
32%
2nd largest city in Jordan Zarqa
32%
Small swiss town where the Matterhorn is located in Zermatt
32%
City that completely surrounds Macao Zhuhai
32%
Main center of the polish minority in Ukraine Zhytomyr
32%
Notable slovakian city close to the czech and polish borders Zilina
32%
Swiss town, capital of the homonymous canton Zug
32%
2nd largest city in Mindanao Zamboanga City
26%
City in Michigan named liked a dutch province Zeeland
26%
Industrial city 70km away from Sarajevo Zenica
26%
City in the Guangzhou metropolitan area Zhongshan
26%
Small town in Arkansas named after famous chemical element Zinc
26%
Czech city 70km east of Brno Zlin
26%
Dutch city just north of Amsterdam Zaandam
21%
Largest senegalese city south of the Gambia river Ziguinchor
21%
Michigan city named like the city where the Bucks play, but changing the first letter Zilwaukee
21%
Basque town located 24km from Bilbao Zalla
16%
Former seat of the Imperial chinese Zhang Prefecture Zhangzhou
16%
City in Jiangsu, named as the previous one but changing the first vowel Zhenjiang
16%
One of three cities of the Changzhutan golden triangle Zhuzhou
16%
Largest city in the Lubusz Voivodeship province Zielona Gora
16%
3rd largest city in Niger Zinder
16%
Southernmost city in the state of Saxony Zittau
16%
Turkish city in the Black Sea region Zonguldak
16%
Where Mao Zedong was first elected leader of the Chinese Communist Party Zunyi
16%
Iranian city bordering Afghanistan Zabol
11%
Extremaduran town where many spanish colonizers came from Zafra
11%
County seat of Muskingum County, Ohio Zanesville
11%
City in the northwest of Iran Zanjan
11%
Touristic town in the Basque Country, famous for its long beach Zarautz
11%
Coastal libyan city 47km west from Tripoli Zawiya
11%
Closed town formerly know as Krasnoyarsk-45 Zelenogorsk
11%
City in the Moscow metropolitan area Zelenograd
11%
City in Pasco County, Florida Zephyrhills
11%
City in Kazakhstan formerly know as Novy Uzen Zhanaozen
11%
Southernmost port on the coast of mainland China Zhanjiang
11%
Coastal town in northern Illinois Zion
11%
City in the Chelyabinsk oblast Zlatoust
11%
6th largest city in Georgia (country) Zugdidi
11%
City in East Baton Rouge Parish Zachary
5%
Capital of the egyptian governorate of Sharia Zagazig
5%
Iranian city near the Pakistan border Zahedan
5%
3rd largest city in Lebanon Zahle
5%
Kurdish city in Iraq, near the turkish border Zakho
5%
Seat of Salaj County in Romania Zalau
5%
Japanese city known for its drinking water, which is cold in the summer and warm in the winter Zama
5%
Small town with an important technological park in the Basque Country Zamudio
5%
Famous tourist destination in the Ionian islands in Greece Zante
5%
Host of the Battle of Taierzhuang in the Second Sino-Japanese War Zaozhuang
5%
Home to a football club where Ballon d'Or winner Luka Modric used to play Zapresic
5%
Port city in the northeast of the Buenos Aires province Zarate
5%
Berlin borough Zehlendorf
5%
3rd largest municipality in Belgrade Zemun
5%
Birthplace of Catherine the Great Zerbst
5%
District in the european side of Istanbul Zeytinburnu
5%
Chinese college town Zhaoqing
5%
Suburban town in the southeast area of Boone County, Indiana Zionsville
5%
First capital of Malawi Zomba
5%
Site of a battle between poles and germans in the first day of WWII Zory
5%
Designated European City of Sport in 2021 Zrenjanin
5%
4th largest city in the Zaragoza province Zuera
5%
One of three railway direct connections from Russia to China Zabaykalsk
0%
City in the south of Azerbaijan Zangilan
0%
Coastal commune in southern Tunisia Zarzis
0%
Where the Royal Dutch Football Association is located Zeist
0%
Little coastal village in Cornwall Zennor
0%
Dutch city whose name translates as "sweet lake" Zeotermeer
0%
City in the Lodz metropolitan area Zgierz
0%
Historical district of Shanghai Zhabei
0%
City near the geographic center of Kazakhstan Zhezkazgan
0%
Hometown of Chicago Blachwaks hockey player Artyom Levshunov Zhlobin
0%
City in Balochistan formarly known as Fort Sandeman Zhob
0%
Ancient capital of Emperor Yao Zhoukou
0%
City from wich Emperor Qin Shi Huang sent Xu Fu to sail towards Japan in 210 BC, in pursuit of the elixir of youth Zhucheng
0%
Once the center of the Cai state during the Eastern Zhou era Zhumadian
0%
Chinese city known as the "salt capital" Zigong
0%
City in the Greater Bogotá metropolitan area Zipaquira
0%
Coastal libyan city 175km east from Tripoli Zliten
0%
Walled city in the canton of Aargau Zofingen
0%
Landlocked suburb of Athens Zografou
0%
One of Switzerland's most expensive districts Zollikon
0%
District of Budapest Zuglo
0%
Location of one of the largest Baptist church in Asia Zunheboto
0%
German city whose name means "two bridges" Zweirbrucken
0%
District of Moscow Zyablikovo
0%
No matching quizzes found
Score Distribution
Percent of People with Each Score
Percentile by Number Answered
Your Score History
You have not taken this quiz since the last reset